| 000 | 00393 a2200133 4500 | ||
|---|---|---|---|
| 001 | ART_6196 | ||
| 005 | 20260410161825.0 | ||
| 008 | 260409a | ||
| 245 | 1 | 0 | _aLa comercialización de productos pesqueros |
| 100 | 1 | _aErrazti, Elizabeth | |
| 700 | 1 | _aBertolotti, María Isabel | |
| 700 | 1 | _aPagani, Andrea Noemí | |
| 773 | 0 |
_tFACES _g- Año 2, Nº 2 (jun. 1996) _wREV5046 |
|
| 999 |
_c22715 _d22715 |
||